000 00881nam a22002297a 4500
005 20100804141227.0
010 _aENG-98189
020 _c350.00
035 _aEN-81722
037 _bDBAD/PUB
082 _a025.04
245 _aChallenges in the field of library and information science in the new millennium /
_cedited by C. Murali Krishna [and] K. Veeranjaneyulu
260 _aKuppam
_bDravidian University
_c2009
270 _aSrinivasavanam
_bKuppam
_e517425
300 _av, 245p.
_c22cm (pbk)
650 _aLibrary and information science
_96082
650 _aElectronic reference services
_96083
700 _aKrishna, C. Murali
_96084
700 _aVeeranjaneyulu
_96085
942 _2ddc
_cEN
_h025.04
_mCHA
999 _c39243
_d39243